30 biggest European cities by letter (with a map) -Y - Statistics

General Stats
  • This quiz has been taken 385 times
    361 since last reset
  • The average score is 4 of 30
Answers on the Map
Answers color-coded by a green-red scale on the quiz's map according to % correct below.
 
Answer Stats
Answer Population % Correct
York 208 400
76%
Yaroslavl 606 703
63%
Yalta 76 746
51%
Ypres 34 964
51%
Yeovil 45 000
28%
Ystad 28 985
24%
Yevpatoria 106 158
17%
Yverdon-les-Bains 30 157
16%
Yambol 74 132
13%
Yelets 108 404
11%
Yecla 34 234
10%
Yeysk 87 769
8%
Youghal 7 963
6%
Ystrad Mynach 13 500
6%
Yampil 10 879
4%
Ylöjärvi 33 377
4%
Yaremcha 8 044
3%
Yavoriv 12 946
3%
Yannitsa 33 775
2%
Yartsevo 47 848
2%
Yasnogorsk 17 308
2%
Yegoryevsk 70 081
2%
Yelnya 10 798
2%
Yenakijeve 77 355
2%
Yuzhnoukrains'k 39 404
2%
Yurga 81 533
1%
Yuryev-PoLski 19 444
1%
Yasinovataya 37 600
0%
Yelʹsk 9 175
0%
Yuryevets 10 210
0%
No matching quizzes found
Score Distribution
Percent of People with Each Score
Percentile by Number Answered
Your Score History
You have not taken this quiz since the last reset